AH International Schools' Libraries

(Khmer) Who is the rabbit ?(Tonsay) / (Record no. 48928)

MARC details
000 -LEADER
fixed length control field 00288nam a2200097 4500
020 ## - INTERNATIONAL STANDARD BOOK NUMBER
International Standard Book Number 9789924551041
245 ## - TITLE STATEMENT
Title (Khmer) Who is the rabbit ?(Tonsay) /
Statement of responsibility, etc Mao Samnang.
260 ## - PUBLICATION, DISTRIBUTION, ETC. (IMPRINT)
Place of publication, distribution, etc Phnom Penh:
Name of publisher, distributor, etc Book of life;
Date of publication, distribution, etc 2019.
300 ## - PHYSICAL DESCRIPTION
Extent 215 p.
Other physical details color pictures.
Dimensions 19 cm.
942 ## - ADDED ENTRY ELEMENTS (KOHA)
Source of classification or shelving scheme
Koha item type Khmer NON FIC Books
Holdings
Withdrawn status Lost status Source of classification or shelving scheme Damaged status Not for loan Collection code Home library Current library Shelving location Date acquired Full call number Barcode Date last seen Price effective from Koha item type
          Siem Riep Asian Hope Secondary Library Asian Hope Secondary Library   05/14/2025 KHMER 920 MAO 208320 01/16/2026 05/14/2025 Khmer NON FIC Books

For any Logos Library related questions please contact Miss Art at swongnarasuk@asianhope.org.

For any Asian Hope Library related questions please contact Miss Raza at graza@asianhope.org.

Click here to explore our ebooks!

Powered by Koha